000 00239nam a22000857a 4500
008 160705b xxu||||| |||| 00| 0 eng d
100 _92291
_a Kothari, A.K., et al
245 _aWorld Famous 101 Great Lives
260 _aDelhi
_b Pustak Mahal
_c2004
999 _c1972
_d1972